| 000 | 00605nam a2200205Ia 4500 | ||
|---|---|---|---|
| 003 | GCL | ||
| 008 | 140319s9999 xx 000 0 ara d | ||
| 040 |
_aGCL / _cGCL |
||
| 082 | 0 | 4 |
_a069 _bم ف |
| 100 | 1 | _aسمية حسن محمد ابراهيم | |
| 245 | 1 | 0 |
_aفن المتاحف / _cسمية حسن محمد ابراهيم |
| 700 | 1 | _aمحمد عبدالقادر محمد | |
| 260 |
_a[S.N] : _bدار المعارف |
||
| 300 | _a282 ص | ||
| 490 | _a | ||
| 650 | 0 | 4 | _aالمتاحف_ تاريخ |
| 650 | 0 | 4 | _aالمتاحف - عمارة |
| 650 | 0 | 4 | _aالفن - متاحف |
| 942 |
_2ddc _cBK |
||
| 999 |
_c36420 _d36420 |
||